Introduction to law and the legal system. / (Record no. 5357)

MARC details
000 -LEADER
fixed length control field 01604nam a22001697a 4500
008 - FIXED-LENGTH DATA ELEMENTS--GENERAL INFORMATION
fixed length control field 150206b xxu||||| |||| 00| 0 eng d
020 ## - INTERNATIONAL STANDARD BOOK NUMBER
International Standard Book Number 0618312021
050 ## - LIBRARY OF CONGRESS CALL NUMBER
Classification number KF385.A4 G7
100 ## - MAIN ENTRY--PERSONAL NAME
Personal name Schubert, Frank A.
245 ## - TITLE STATEMENT
Title Introduction to law and the legal system. /
Statement of responsibility, etc. Frank A. Schubert.
250 ## - EDITION STATEMENT
Edition statement 8th ed.
260 ## - PUBLICATION, DISTRIBUTION, ETC.
Place of publication, distribution, etc. New York:
Name of publisher, distributor, etc. Houghton Mifflin,
Date of publication, distribution, etc. 2004.
300 ## - PHYSICAL DESCRIPTION
Extent xxiii,771p.:
Dimensions 24cm.
500 ## - GENERAL NOTE
General note Includes index.
505 ## - FORMATTED CONTENTS NOTE
Formatted contents note Contents:Introduction -- What is law -- Sociological jurisprudence, legal realism and legal sociology -- Ethics and law -- The judicial system -- :Courts -- Trial courts -- Appellate courts -- State court systems -- Jurisdiction -- The Federal Court system -- Civil procedure:Proceedings before a civil trial -- Civil trials -- Rules of evidence -- Institutional sources of American law:Common law and civil law legal systems -- Constitutions -- Legislation -- Administrative agencies -- Judicial decision making -- Limitations in seeking relief:Case or controversy requirement -- Justiciability -- Mootness -- Political questions -- The act of state doctrine -- Statute of limitations -- Judicial remedies -- Equitable remedies -- Criminal law and oricedure -- :The basic components of a criminal offense -- Criminal procedure -- Proceedings prior to trial -- The criminal trial -- Family law:Introduction -- Creating family relationships -- Family relations in ongoing families -- Ending spousal relationships -- Contracts -- The law of torts -- Property -- Administrative law and administrative agencies -- Alternative dispute resolution.
942 ## - ADDED ENTRY ELEMENTS (KOHA)
Source of classification or shelving scheme Library of Congress Classification
Koha item type Books
Holdings
Withdrawn status Lost status Source of classification or shelving scheme Damaged status Not for loan Home library Current library Shelving location Date acquired Total Checkouts Full call number Barcode Date last seen Copy number Price effective from Koha item type
    Library of Congress Classification     WISCONSIN INTERNATIONAL UNIVERSITY COLLEGE, GHANA - MAIN LIBRARY WISCONSIN INTERNATIONAL UNIVERSITY COLLEGE, GHANA - MAIN LIBRARY Law Library 06/02/2015   KF385.A4 G7 2432/1429/15 06/02/2015 1 06/02/2015 Books
    Library of Congress Classification     WISCONSIN INTERNATIONAL UNIVERSITY COLLEGE, GHANA - MAIN LIBRARY WISCONSIN INTERNATIONAL UNIVERSITY COLLEGE, GHANA - MAIN LIBRARY Law Library 06/02/2015   KF385.A4 G71 2450/1447/15 06/02/2015 2 06/02/2015 Books

If you have any concerns or questions; kindly contact the library


© Powered by WIUC ICT DIRECTORATE